00451 2200181 4500001002100000005001500021035002000036007000300056008004100059020002200100082001000122084001600132100001900148245003300167260003600200300002300236650001000259INLIS00000000000002420260428102915 a0010-0426000010ta260428 1 ind  a978-623-04-1786-3 a808.9 a808.9 VAL l0 aValerie Patkar1 aLogika asa /cValerie Patkar aJakarta :bBhuana Sastra,c2024 a348 hlm. ;c21 cm. 4aFiksi